|
|
|
|
| LEADER |
00953nam a22002531 4500 |
| 001 |
c000333898 |
| 003 |
CARM |
| 005 |
00000000000000.0 |
| 008 |
800124s1963 nyu 00010 eng |
| 019 |
1 |
|
|a 1761913
|5 LACONCORD2021
|
| 035 |
|
|
|a (OCoLC)412116
|5 LACONCORD2021
|
| 043 |
|
|
|a n-us---
|
| 050 |
0 |
0 |
|a JK271
|b .L48
|
| 100 |
1 |
|
|a Levy, Leonard W.
|q (Leonard Williams),
|d 1923-
|e ed.
|
| 245 |
1 |
4 |
|a The American political process,
|c edited by Leonard W. Levy and John P. Roche.
|
| 260 |
|
|
|a New York,
|b G. Braziller,
|c 1963.
|
| 300 |
|
|
|a 246 p.
|c 22 cm.
|
| 490 |
0 |
|
|a The American image series
|
| 651 |
|
0 |
|a United States
|x Politics and government.
|
| 700 |
1 |
|
|a Roche, John Pearson,
|d 1923-
|e joint ed.
|
| 852 |
8 |
|
|b CARM
|h A1:AM36C0
|i B09795
|p 0441561
|f BK
|
| 082 |
0 |
4 |
|a 353
|
| 999 |
f |
f |
|i 3117b8da-a4c7-5d34-9999-868aac67b2e2
|s bfb1a7fb-182c-5e76-9b03-43a76c1a8ef4
|
| 952 |
f |
f |
|p Can circulate
|a CAVAL
|b CAVAL
|c CAVAL
|d CARM 1 Store
|e B09795
|f A1:AM36C0
|h Other scheme
|i book
|m 0441561
|